|
|
|
|
| LEADER |
00000nam0a2200000 4500 |
| 001 |
316911 |
| 005 |
20231102002925.0 |
| 035 |
|
|
|a (RuTPU)RU\TPU\book\342379
|
| 090 |
|
|
|a 316911
|
| 100 |
|
|
|a 20160401d1981 k y0rusy50 ca
|
| 101 |
0 |
|
|a rus
|
| 102 |
|
|
|a RU
|
| 105 |
|
|
|a a z 001zy
|
| 200 |
1 |
|
|a Применение фотограмметрии в картографических и инженерных работах
|e сборник научных трудов
|f Научно-исследовательский институт прикладной геодезии
|
| 210 |
|
|
|a Москва
|c Изд-во ЦНИИГАиК
|d 1981
|
| 215 |
|
|
|a 201 с.
|c ил.
|
| 225 |
1 |
|
|a Сборник научных трудов научно-исследовательского института прикладной геодезии
|x Вып. 5
|
| 320 |
|
|
|a Библиография в конце статей
|
| 606 |
1 |
|
|a Фотограмметрия
|2 stltpush
|3 (RuTPU)RU\TPU\subj\64202
|9 81115
|
| 610 |
1 |
|
|a аналитическая фототриангуляция
|
| 610 |
1 |
|
|a прикладная фотограмметрия
|
| 610 |
1 |
|
|a города
|
| 610 |
1 |
|
|a крупномасштабное картографирование
|
| 675 |
|
|
|a 528.71
|v 4
|
| 712 |
0 |
2 |
|a Научно-исследовательский институт прикладной геодезии
|2 stltpush
|3 (RuTPU)RU\TPU\col\26757
|
| 801 |
|
1 |
|a RU
|b 63413507
|c 20160401
|
| 801 |
|
2 |
|a RU
|b 63413507
|c 20191211
|g RCR
|
| 942 |
|
|
|c BK
|